Carrera de mente [juego] : educational /

Guardado en:
Formato: Objeto Físico
Publicado: Argentina : Gráfica Tabarí©, Carrera de mente bajo licencia Keops, c1991.
Materias:
Etiquetas: Agregar Etiqueta
Sin Etiquetas, Sea el primero en etiquetar este registro!
LEADER 00843nrm a22001575g 4500
001 CEM.cems019172
008 130507s1991##################0###0#####d
005 20220829201803.0
003 CEMS
245 0 0 |a Carrera de mente [juego] :  |b educational /  |c Jaime Poliachik, Daniel Samoilovich Y Ruibal 
260 |a Argentina :  |b Gráfica Tabarí©, Carrera de mente bajo licencia Keops,  |c c1991. 
300 |a 1 juego (1 tablero, 6 cuadernillos con preguntas y respuestas, 36 fichas-premio hexagonales, 6 clavijas, 1 dado) ; en caja 37 x 21 x 4 cm. + instrucciones en cada cuadernillo. 
500 |a Para 2 a 6 jugadores o equipos a partir de 7 años y adultos tres niveles de juego objetivo:obtener 6 fichas-premio, una de cada color. 
082 0 4 |a J793.73 
653 |a 1. juegos de preguntas y respuestas 
859 |a CEMS  |b BIB. CEMS - Ludoteca  |h J793.73  |i P774  |p 077.92  |t Ej.1